Napoli Biggest Transfers - Statistics

General Stats
  • This quiz has been taken 91 times
  • The average score is 101 of 235
Answer Stats
% Correct
Incomings Argentina ST Gonzalo Higuain 13/14 Real Madrid
98%
Outgoings Argentina ST Gonzalo Higuain 16/17 Juventus
98%
Incomings Mexico RW Hirving Lozano 19/20 PSV
98%
Outgoings Mexico RW Hirving Lozano 23/24 PSV
98%
Incomings Nigeria ST Victor Osimhen 20/21 Lille
98%
Incomings Poland ST Arkadiusz Milik 16/17 Ajax
95%
Outgoings Poland ST Arkadiusz Milik 22/23 Marseille
95%
Outgoings Poland ST Arkadiusz Milik 20/21 Marseille
95%
Incomings Uruguay ST Edinson Cavani 11/12 Palermo
95%
Incomings Uruguay ST Edinson Cavani 10/11 Palermo
95%
Outgoings Uruguay ST Edinson Cavani 13/14 Paris Saint-Germain
95%
Incomings South Korea CB Kim Min-jae 22/23 Fenerbahce
93%
Outgoings South Korea CB Kim Min-jae 23/24 Bayern Munich
93%
Incomings Italy GK Alex Meret 19/20 Udinese
90%
Incomings Senegal CB Kalidou Koulibaly 14/15 Genk
90%
Outgoings Senegal CB Kalidou Koulibaly 22/23 Chelsea
90%
Incomings Greece CB Konstantinos Manolas 19/20 Roma
90%
Outgoings Greece CB Konstantinos Manolas 21/22 Olympiacos
90%
Incomings Spain CM Fabian Ruiz 18/19 Real Betis
89%
Outgoings Spain CM Fabian Ruiz 22/23 Paris Saint-Germain
89%
Incomings Slovakia DM Stanislav Lobotka 19/20 Celta Vigo
86%
Incomings Argentina AM Diego Maradona 84/85 Barcelona
85%
Incomings Argentina LW Ezequiel Lavezzi 07/08 San Lorenzo
85%
Outgoings Argentina LW Ezequiel Lavezzi 12/13 Paris Saint-Germain
85%
Incomings Cameroon CM Frank Anguissa 22/23 Fulham
85%
Incomings Cameroon CM Frank Anguissa 21/22 Fulham
85%
Incomings Belgium SS Dries Mertens 13/14 PSV
84%
Incomings Denmark AM Jesper Lindstrom 23/24 Eintracht Frankfurt
83%
Incomings Slovakia CM Marek Hamsik 07/08 Brescia
83%
Outgoings Slovakia CM Marek Hamsik 18/19 Dalian Yifang
83%
Incomings Portugal LB Mario Rui 17/18 Roma
83%
Incomings Portugal LB Mario Rui 17/18 Roma
83%
Incomings Poland CM Piotr Zielinski 16/17 Udinese
83%
Incomings Italy RW Matteo Politano 21/22 Inter Milan
81%
Incomings Italy RW Matteo Politano 19/20 Inter Milan
81%
Incomings North Macedonia CM Eljif Elmas 19/20 Fenerbahce
79%
Incomings Italy SS Giacomo Raspadori 23/24 Sassuolo
79%
Incomings Italy SS Giacomo Raspadori 22/23 Sassuolo
79%
Incomings Argentina ST Giovanni Simeone 23/24 Hellas Verona
79%
Incomings Argentina ST Giovanni Simeone 22/23 Hellas Verona
79%
Incomings Spain CB Raul Albiol 13/14 Real Madrid
79%
Outgoings Spain CB Raul Albiol 19/20 Villarreal
79%
Incomings Spain RW Jose Callejon 13/14 Real Madrid
78%
Incomings Georgia LW Khvicha Kvaratskhelia 22/23 Dinamo Batumi
78%
Incomings Brazil DM Allan 15/16 Udinese
75%
Outgoings Brazil DM Allan 20/21 Everton
75%
Incomings Italy DM Jorginho 13/14 Hellas Verona
75%
Outgoings Italy DM Jorginho 18/19 Chelsea
75%
Incomings Kosovo CB Amir Rrahmani 19/20 Hellas Verona
73%
Incomings Italy RB Giovanni Di Lorenzo 19/20 Empoli
73%
Incomings Uruguay LB Mathias Olivera 22/23 Getafe
73%
Incomings Colombia ST Duvan Zapata 13/14 Estudiantes
72%
Outgoings Colombia ST Duvan Zapata 18/19 Sampdoria
72%
Outgoings Colombia ST Duvan Zapata 17/18 Sampdoria
72%
Incomings North Macedonia SS Goran Pandev 12/13 Inter Milan
70%
Incomings North Macedonia SS Goran Pandev 11/12 Inter Milan
70%
Incomings Switzerland DM Gokhan Inler 11/12 Udinese
69%
Outgoings Switzerland DM Gokhan Inler 15/16 Leicester City
69%
Incomings Sweden CM Jens Cajuste 23/24 Reims
67%
Incomings Guinea DM Amadou Diawara 16/17 Bologna
65%
Outgoings Guinea DM Amadou Diawara 19/20 Roma
65%
Incomings Germany DM Diego Demme 19/20 RB Leipzig
65%
Incomings Brazil CB Natan 23/24 RB Bragantino
64%
Outgoings Italy RW Roberto Insigne 19/20 Benevento
64%
Incomings Italy ST Manolo Gabbiadini 14/15 Sampdoria
63%
Outgoings Italy ST Manolo Gabbiadini 16/17 Southampton
63%
Incomings Serbia CB Nikola Maksimovic 17/18 Torino
63%
Incomings Serbia CB Nikola Maksimovic 16/17 Torino
63%
Outgoings Serbia CB Nikola Maksimovic 17/18 Spartak Moscow
63%
Incomings Colombia GK David Ospina 19/20 Arsenal
62%
Incomings Albania RB Elseid Hysaj 15/16 Empoli
62%
Incomings Norway CB Leo Ostigard 22/23 Brighton & Hove Albion
62%
Incomings Switzerland CM Blerim Dzemaili 11/12 Parma
60%
Outgoings Switzerland CM Blerim Dzemaili 14/15 Galatasaray
60%
Incomings Switzerland DM Valon Behrami 12/13 Fiorentina
60%
Outgoings Switzerland DM Valon Behrami 14/15 Hamburg
60%
Incomings Romania CB Vlad Chiriches 15/16 Tottenham Hotspur
60%
Outgoings Romania CB Vlad Chiriches 20/21 Sassuolo
60%
Incomings Algeria LB Faouzi Ghoulam 13/14 Saint-Etienne
59%
Incomings Algeria RW Adam Ounas 17/18 Bordeaux
58%
Outgoings Algeria RW Adam Ounas 22/23 Lille
58%
Outgoings Algeria RW Adam Ounas 19/20 Nice
58%
Incomings Chile ST Eduardo Vargas 11/12 Universidad de Chile
58%
Outgoings Chile ST Eduardo Vargas 15/16 Hoffenheim
58%
Outgoings Chile ST Eduardo Vargas 12/13 Gremio
58%
Outgoings Chile ST Eduardo Vargas 13/14 Valencia
58%
Outgoings Chile ST Eduardo Vargas 14/15 Queens Park Rangers
58%
Incomings Italy ST Fabio Quagliarella 09/10 Udinese
57%
Outgoings Italy ST Fabio Quagliarella 11/12 Juventus
57%
Outgoings Italy ST Fabio Quagliarella 10/11 Juventus
57%
Incomings Spain CB Victor Ruiz 10/11 Espanyol
57%
Outgoings Spain CB Victor Ruiz 11/12 Valencia
57%
Incomings France RB Kevin Malcuit 18/19 Lille
56%
Incomings Croatia CM Marko Rog 17/18 Dinamo Zagreb
56%
Incomings Croatia CM Marko Rog 16/17 Dinamo Zagreb
56%
Outgoings Croatia CM Marko Rog 20/21 Cagliari
56%
Outgoings Croatia CM Marko Rog 19/20 Cagliari
56%
Incomings Italy ST Andrea Petagna 19/20 SPAL
54%
Outgoings Italy ST Andrea Petagna 23/24 Monza
54%
Outgoings Italy ST Andrea Petagna 22/23 Monza
54%
Incomings Spain GK Pepe Reina 15/16 Bayern Munich
54%
Incomings Colombia RB Juan Camilo Zuniga 09/10 Siena
53%
Incomings Morocco ST Walid Cheddira 23/24 Bari
51%
Outgoings Italy CB Paolo Cannavaro 99/00 Parma
49%
Outgoings Italy CB Fabio Cannavaro 95/96 Parma
48%
Incomings Italy RB Christian Maggio 08/09 Sampdoria
47%
Incomings Brazil GK Rafael Cabral 13/14 Santos
47%
Incomings Italy AM Simone Verdi 18/19 Bologna
46%
Outgoings Italy AM Simone Verdi 20/21 Torino
46%
Incomings Argentina CB Federico Fernandez 11/12 Estudiantes
44%
Outgoings Argentina CB Federico Fernandez 14/15 Swansea City
44%
Incomings Greece GK Orestis Karnezis 19/20 Udinese
44%
Outgoings Greece GK Orestis Karnezis 20/21 Lille
44%
Incomings France DM Tiemoue Bakayoko 20/21 Chelsea
44%
Incomings England CB Axel Tuanzebe 21/22 Manchester United
42%
Incomings Uruguay DM Walter Gargano 07/08 Danubio
42%
Outgoings Uruguay DM Walter Gargano 15/16 Monterrey
42%
Outgoings Uruguay DM Walter Gargano 12/13 Inter Milan
42%
Incomings Italy GK Elia Caprile 23/24 Bari
41%
Incomings Argentina CB Hugo Campagnaro 09/10 Sampdoria
41%
Incomings Italy ST Leonardo Pavoletti 16/17 Genoa
40%
Outgoings Italy ST Leonardo Pavoletti 17/18 Cagliari
40%
Incomings Spain SS Michu 14/15 Swansea City
37%
Incomings Spain CB David Lopez 14/15 Espanyol
36%
Outgoings Spain CB David Lopez 16/17 Espanyol
36%
Incomings Netherlands DM Jonathan de Guzman 14/15 Villarreal
36%
Outgoings Netherlands DM Jonathan de Guzman 17/18 Eintracht Frankfurt
36%
Incomings Italy CB Lorenzo Tonelli 16/17 Empoli
36%
Outgoings Italy CB Lorenzo Tonelli 20/21 Sampdoria
36%
Incomings Italy GK Morgan De Sanctis 09/10 Sevilla
36%
Incomings Brazil ST Careca 87/88 Sao Paulo
35%
Incomings Colombia LM Pablo Armero 13/14 Udinese
33%
Incomings Colombia LM Pablo Armero 12/13 Udinese
33%
Incomings Italy ST Roberto Inglese 17/18 Chievo Verona
33%
Outgoings Italy ST Roberto Inglese 20/21 Parma
33%
Outgoings Italy ST Roberto Inglese 18/19 Parma
33%
Incomings Argentina ST German Denis 08/09 Independiente
32%
Outgoings Argentina ST German Denis 10/11 Udinese
32%
Incomings Italy DM Mirko Valdifiori 15/16 Empoli
31%
Outgoings Italy DM Mirko Valdifiori 16/17 Torino
31%
Incomings Brazil ST Carlos Vinicius 18/19 Real SC
30%
Outgoings Brazil ST Carlos Vinicius 19/20 Benfica
30%
Outgoings Croatia LB Ivan Strinic 17/18 Sampdoria
30%
Incomings Italy LM Andrea Dossena 09/10 Liverpool
28%
Incomings Argentina CM Jose Sosa 10/11 Bayern Munich
28%
Outgoings Argentina CM Jose Sosa 11/12 Metalist Kharkiv
28%
Outgoings Italy CB Ciro Ferrara 94/95 Juventus
27%
Incomings Italy LM Emanuele Giaccherini 16/17 Sunderland
27%
Incomings Argentina GK Mariano Andujar 14/15 Catania
26%
Incomings Uruguay CB Miguel Britos 11/12 Bologna
26%
Incomings Italy CB Salvatore Aronica 08/09 Reggina
26%
Incomings Morocco AM Omar El Kaddouri 12/13 Brescia
25%
Outgoings Morocco AM Omar El Kaddouri 16/17 Empoli
25%
Outgoings Italy CB Sebastiano Luperto 23/24 Empoli
25%
Incomings Italy DM Alberto Grassi 15/16 Atalanta
23%
Outgoings Italy DM Alberto Grassi 20/21 Parma
23%
Incomings Brazil DM Alemao 88/89 Atletico Madrid
20%
Incomings Uruguay ST Marcelo Zalayeta 07/08 Juventus
20%
Incomings Italy CB Alessandro Gamberini 12/13 Fiorentina
19%
Incomings Portugal CB Rolando 12/13 Porto
19%
Incomings Italy ST Emanuele Calaio 04/05 Pescara
16%
Incomings Italy ST Emanuele Calaio 13/14 Siena
16%
Outgoings Italy ST Emanuele Calaio 08/09 Siena
16%
Incomings Argentina AM Jesus Datolo 08/09 Boca Juniors
16%
Outgoings Argentina AM Jesus Datolo 10/11 Espanyol
16%
Incomings Italy CB Matteo Contini 07/08 Parma
16%
Outgoings Italy CB Matteo Contini 10/11 Real Zaragoza
16%
Incomings Austria ST Erwin Hoffer 09/10 Rapid Vienna
15%
Incomings Brazil CB Henrique 13/14 Palmeiras
15%
Outgoings Brazil CB Henrique 15/16 Fluminense
15%
Incomings Italy DM Luca Cigarini 09/10 Atalanta
15%
Outgoings Italy DM Luca Cigarini 13/14 Atalanta
15%
Outgoings Czech Republic LB Marek Jankulovski 02/03 Udinese
15%
Incomings Italy DM Michele Pazienza 07/08 Fiorentina
15%
Incomings Italy RB Giandomenico Mesto 12/13 Genoa
14%
Incomings Italy SS Giuseppe Mascara 10/11 Catania
14%
Incomings Croatia DM Josip Radosevic 12/13 Hajduk Split
14%
Incomings Croatia DM Josip Radosevic 13/14 Hajduk Split
14%
Outgoings Italy GK Luigi Sepe 20/21 Parma
14%
Outgoings Italy ST Nicola Amoruso 01/02 Juventus
14%
Incomings Argentina GK Nicolas Navarro 07/08 Argentinos Juniors
14%
Incomings Argentina CB Roberto Ayala 95/96 River Plate
14%
Outgoings Argentina CB Roberto Ayala 98/99 Milan
14%
Outgoings Austria RB Gyorgy Garics 08/09 Atalanta
12%
Incomings Argentina CB Ignacio Fideleff 11/12 Newell's Old Boys
12%
Incomings France CB Laurent Blanc 91/92 Montpellier
12%
Outgoings Italy ST Andrea Carnevale 90/91 Roma
11%
Incomings Italy GK Antonio Rosati 11/12 Lecce
11%
Outgoings Colombia CM Freddy Rincon 95/96 Real Madrid
11%
Incomings Portugal DM Jose Luis Vidigal 00/01 Sporting CP
11%
Incomings Italy CM Michael Folorunsho 19/20 Virtus Francavilla
11%
Incomings Italy LB Vasco Regini 15/16 Sampdoria
11%
Incomings Italy CB Fabiano Santacroce 07/08 Brescia
10%
Outgoings Italy CB Maurizio Domizzi 08/09 Udinese
10%
Incomings Brazil LW Pia 04/05 Atalanta
10%
Incomings Argentina ST Cristian Chavez 11/12 San Lorenzo
9%
Incomings Italy GK Giovanni Galli 90/91 Milan
9%
Incomings Italy CM Manuele Blasi 07/08 Juventus
9%
Outgoings Italy CM Manuele Blasi 11/12 Parma
9%
Incomings Italy CM Salvatore Bagni 84/85 Inter Milan
9%
Incomings Italy RM Daniele Mannini 07/08 Brescia
7%
Outgoings Italy RM Daniele Mannini 09/10 Sampdoria
7%
Incomings Italy LB Filippo Costa 19/20 SPAL
7%
Outgoings Italy CM Jacopo Dezi 18/19 Parma
7%
Incomings Italy CB Leandro Rinaudo 08/09 Palermo
7%
Outgoings Brazil DM Matuzalem 01/02 Piacenza
7%
Incomings Italy ST Andrea Silenzi 90/91 Reggiana
6%
Incomings Brazil CB Bruno Uvini 12/13 Sao Paulo
6%
Incomings Argentina DM Claudio Husain 00/01 River Plate
6%
Incomings Italy ST Davide Dionigi 02/03 Reggina
6%
Incomings Italy RW Davide Bariti 12/13 Vicenza
5%
Incomings Switzerland SS David Sesa 00/01 Lecce
5%
Outgoings Italy ST Gennaro Tutino 22/23 Parma
5%
Outgoings Argentina RW Mario Santana 13/14 Genoa
5%
Outgoings Italy GK Alberto Fontana 01/02 Inter Milan
4%
Outgoings Brazil CB Andre Cruz 97/98 Milan
4%
Incomings Brazil ST Caio 96/97 Inter Milan
4%
Outgoings France CM Eddy Gnahore 17/18 Palermo
4%
Outgoings Italy RM Fabio Pecchia 97/98 Juventus
4%
Outgoings Italy CB Francesco Baldini 03/04 Genoa
4%
Incomings Russia AM Igor Shalimov 98/99 Bologna
4%
Incomings Italy LW Nicolao Cardoso 10/11 Empoli
4%
Incomings Italy DM Raffaele Maiello 15/16 Crotone
4%
Outgoings Italy DM Raffaele Maiello 17/18 Frosinone
4%
Incomings Italy RM Renato Buso 93/94 Sampdoria
4%
Outgoings Italy RM Renato Buso 96/97 Lazio
4%
Incomings Morocco RB Abdelilah Saber 00/01 Sporting CP
2%
Outgoings Italy LB Armando Anastasio 19/20 Monza
2%
Incomings Italy SS Benito Carbone 94/95 Torino
2%
Outgoings Italy SS Benito Carbone 95/96 Inter Milan
2%
Incomings Argentina ST Jose Luis Calderon 97/98 Independiente
2%
Outgoings Argentina ST Jose Luis Calderon 97/98 Independiente
2%
Incomings Italy DM Luca Fusi 88/89 Sampdoria
2%
Outgoings Italy RW Luigi Liguori 20/21 Lille
2%
Outgoings Italy CB Stefano Lombardi 00/01 Lazio
2%
No matching quizzes found
Score Distribution
Percent of People with Each Score
Percentile by Number Answered
Your Score History
You have not taken this quiz